Avengers Doomsday Cast - Statistics

General Stats
  • This quiz has been taken 36 times
  • The average score is 19 of 31
Answer Stats
Hint Answer % Correct
Captain America
97%
Doctor Doom
86%
. Thor
86%
Mr Fantastic
79%
The Thing
79%
Falcon
76%
Human Torch
76%
Invisible Woman
76%
Shuri
76%
M'Baku
72%
Magneto
69%
Professor X
69%
Ant Man
66%
Cyclops
66%
Namor
66%
Red Guardian
66%
Ghost
62%
Loki
62%
Sentry
62%
US Agent
62%
Beast
59%
Bucky Barnes
59%
Shang Chi
59%
Yelena Belova
59%
Nightcrawler
55%
Mystique
48%
Gambit
45%
Namora
34%
Love
31%
Joaquin Torres
24%
Franklin Richards
21%
No matching quizzes found
Score Distribution
Percent of People with Each Score
Percentile by Number Answered
Your Score History
You have not taken this quiz